On the prehistory of marriage : (Record no. 200056)

MARC details
000 -LEADER
fixed length control field 01333nam a2200373 a 4500
001 - CONTROL NUMBER
control field vtls000195942
003 - CONTROL NUMBER IDENTIFIER
control field NLI
005 - DATE AND TIME OF LATEST TRANSACTION
control field 20210602113029.0
008 - FIXED-LENGTH DATA ELEMENTS--GENERAL INFORMATION
fixed length control field 101125s1975 ilua 001 0 eng
020 ## - INTERNATIONAL STANDARD BOOK NUMBER
International Standard Book Number 0226450244 :
Terms of availability USD 13.00
039 #9 - LEVEL OF BIBLIOGRAPHIC CONTROL AND CODING DETAIL [OBSOLETE]
-- 201011252321
-- VLOAD
040 0# - CATALOGING SOURCE
Original cataloging agency NLI
Language of cataloging eng
Transcribing agency Datasoft 1
Description conventions AACR2
041 1# - LANGUAGE CODE
Language code of text/sound track or separate title eng
Language code of original ger
044 ## - COUNTRY OF PUBLISHING/PRODUCING ENTITY CODE
MARC country code ilu
082 04 - DEWEY DECIMAL CLASSIFICATION NUMBER
Classification number 301.42
100 1# - MAIN ENTRY--PERSONAL NAME
Personal name Kohler, Josef,
Dates associated with a name 1849-1919
9 (RLIN) 374430
240 10 - UNIFORM TITLE
Uniform title Zur Urgeschichte der Ehe .
Language of a work English
245 10 - TITLE STATEMENT
Title On the prehistory of marriage :
Remainder of title totemism, group marriage, mother right /
Statement of responsibility, etc. Josef Kohler ; edited by R. H. Barnes
260 ## - PUBLICATION, DISTRIBUTION, ETC.
Place of publication, distribution, etc. Chicago :
Name of publisher, distributor, etc. University of Chicago Press,
Date of publication, distribution, etc. 1975
300 ## - PHYSICAL DESCRIPTION
Extent ix, 298 p. :
Other physical details ill. ;
Dimensions 23 cm.
440 #0 - SERIES STATEMENT/ADDED ENTRY--TITLE
Title Classics in anthropology
9 (RLIN) 155658
500 ## - GENERAL NOTE
General note Translated from the German
504 ## - BIBLIOGRAPHY, ETC. NOTE
Bibliography, etc. note Includes bibliographical references and index
650 #0 - SUBJECT ADDED ENTRY--TOPICAL TERM
Topical term or geographic name entry element Marriage
General subdivision History
9 (RLIN) 205532
650 #0 - SUBJECT ADDED ENTRY--TOPICAL TERM
Topical term or geographic name entry element Kinship
9 (RLIN) 136514
650 #0 - SUBJECT ADDED ENTRY--TOPICAL TERM
Topical term or geographic name entry element Primitive societies
9 (RLIN) 128980
700 1# - ADDED ENTRY--PERSONAL NAME
Personal name Barnes, R. H.,
Relationship edt
9 (RLIN) 374431
887 ## - NON-MARC INFORMATION FIELD
Content of non-MARC field
901 ## - LOCAL DATA ELEMENT A, LDA (RLIN)
a 421953
b 15.11.1975
902 ## - LOCAL DATA ELEMENT B, LDB (RLIN)
a E 301.42 K 824
942 ## - ADDED ENTRY ELEMENTS (KOHA)
Source of classification or shelving scheme Dewey Decimal Classification
Koha item type Books
949 ## - LOCAL PROCESSING INFORMATION (OCLC)
-- VIRTUAITEM
-- 10000
-- 100
6 PUR000421953ENG
Holdings
Withdrawn status Lost status Damaged status Not for loan Collection code Home library Current library Shelving location Date acquired Total Checkouts Full call number Barcode Date last seen Price effective from Koha item type
        New English National Library of India National Library of India New English - Main Stack Division     E 301.42 K 824 PUR000421953ENG 02/06/2021 02/06/2021 Books
                                                                           
web counter

Copyright ©2020 The National Library of India, Govt. of India ↔ Hosted by NVLI, MOC ↔ Technology and Design by National Library of India, Ministry of Culture, Govt. of India